000 00963nam a2200253Ia 4500
003 OSt
005 20220923212015.0
006 a|||||r|||| 00| 0
007 ta
008 220922b |||||||| |||| 00| 0 hin d
024 _a149,779
037 _cTextual
040 _aARTS
_cARTS
_bhin
041 _2hin
_ahin
082 _a4v255, 152M2
100 _aश्रीधर, विजय दत्त, संपा.
_9161877
245 0 _aमध्यप्रदेश में पत्रकारिता का इतिहास
246 _aMadhyapradesh mean patrakāritā kā itihāsa
260 _aभोपाल
_b मध्यप्रदेश हिन्दी ग्रंथ अकादमी
_c1982
300 _a112p.
_ccm.
650 _aहिन्दी पत्रकारिता
942 _h4v255, 152M2
_cTEXL
_2CC
999 _c305459
_d305459